000 00993nmm a2200289 a 4500
001 ocm000984838
003 TR-IsHL
005 20201028153820.0
008 150412s2008 tu tur
007 cr cn
020 _a9786054156054
035 _a984838
_b(N$T)
050 0 4 _aPL234
_b.A48 2008
090 0 4 _aPL234
_b.A48 2008
245 1 0 _a68'in edebiyatı edebiyatın 68'i: inceleme-seçki
_h[electronic resource] /
_chazırlayan Sennur Sezer
260 _aİstanbul :
_bEvrensel Basım Yayın,
_c2008
300 _a224 p.
650 4 _aDil ve Edebiyat
650 4 _aLanguage and Literature
650 0 _aTürk şiiri
_x 20. yy.
_x Edebi koleksiyonlar
650 0 _aTurkish poetry
_x 20th century
_x Literary collections
650 0 _a68 kuşağı
650 0 _aGeneration 68
650 7 _aLITERARY CRITICISM / Middle Eastern
_2bisacsh
700 1 _aSezer, Sennur
856 4 0 _uhttp://search.ebscohost.com/login.aspx?direct=true&scope=site&db=e011xww&AN=984838
999 _c12248
_d12248